Szczegóły MARC21

ABC sześciolatka : przyroda, zdrowie, komunikacja : pomoce demonstracyjne dla nauczyciela /

005 -DATA I CZAS OSTATNIEJ MODYFIKACJI [,]
    • @
    • pole kontrolne
    • 20070315155141.9
020 -Międzynarod. znormalizowany nr książki - ISBN [ , ]
    • a
    • Numer ISBN
    • 8302071501 Find
040 -Instytucja sporządzająca opis [ , ]
    • a
    • Instytucja, która sporządziła opis (NP)
    • SZCZ U
    • c
    • Instytucja, która sporządziła rekord (NP)
    • SZCZ U
942 -Rodzaj dokumentu [ , ]
    • c
    • Rodzaj dokumentu
    • Książka
100 -Hasło główne - nazwa osobowa [ , ]
    • a
    • Nazwa osobowa (NP)
    • ŁADA-GRODZICKA ANNA
245 -Strefa tytułu i oznaczenia odpowiedzialności [1, ]
    • a
    • Tytuł
    • ABC sześciolatka : Find
    • b
    • Ciąg dalszy tytułu (NP)
    • przyroda, zdrowie, komunikacja : pomoce demonstracyjne dla nauczyciela / Find
260 -Strefa adresu wydawniczego [ , ]
    • a
    • Miejsce wydania (P)
    • Warszawa :
    • b
    • Nazwa wydawcy (P)
    • Wydaw.Szkolne i Pedagog.,
    • c
    • Data wydania (P)
    • 1999.
300 -Strefa opisu fizycznego [ , ]
    • a
    • Określenie formy książki i/lub objętość (NP)
    • Teka (46k.tabl.) :
    • c
    • Format (NP)
    • 30 cm.
080 -Uniwersalna Klasyfikacja Dziesiętna [ , ]
    • a
    • Symbol klasyfikacji
    • 372.4(084.11)
080 -Uniwersalna Klasyfikacja Dziesiętna [ , ]
    • a
    • Symbol klasyfikacji
    • :372.850.4(084.11)
080 -Uniwersalna Klasyfikacja Dziesiętna [ , ]
    • a
    • Symbol klasyfikacji
    • :372.865.61(084.11)
980 -Symbol UKD [ , ]
    • a
    • UKD
    • 372.4:372.850.4:372.865.61](084.11)
920 -ISBN [ , ]
    • a
    • ISBN
    • 83-02-07150-1 Find
Numer inwentarzowy Status udost. Lokalizacja Data inwentaryzacji
Pd.127341BG1999-09-01